The Missing Link #5 - Statistics

General Stats
  • This quiz has been taken 85 times
  • The average score is 11 of 15
Answer Stats
Picture Hint Answer % Correct
Monarch Queen Elizabeth II
100%
POTUS Abraham Lincoln
96%
Explorer Christopher Columbus
89%
Baird William Shakespeare
86%
Country Singer Dolly Parton
84%
Nurse Florence Nightingale
82%
Aviator Amelia Earhart
81%
God Thor
74%
Actress Audrey Hepburn
70%
French Leader Charles de Gaulle
68%
Actress / Singer Barbara Streisand
66%
Artist Rembrandt
66%
Actor / Comedian Bob Hope
59%
Actress Betty White
53%
What's the Link ? All have Roses named after them.
3%
No matching quizzes found
Score Distribution
Percent of People with Each Score
Percentile by Number Answered
Your Score History
You have not taken this quiz